000 01489cam a22003977a 4500
003 CHAP
005 20220329141913.0
008 980513d1997 mx r 00110 spa d
010 _a75519
011 _a76491
035 _a86076
040 _cCHAP
090 _aTesis
100 0 0 _aSantos Vázquez, Miguel Angel.
_9102541
245 1 0 _aExperiencia sobre el manejo técnico y administrativo de una huerta de aguacate var. Hass (Persea americana Mill) en Ziracuarétiro, Mich.
_c/por Miguel Angel Santos Vázquez
260 _aChapingo, Méx. :
_bEl autor,
_c1997.
300 _a150 h. :
_bgráfs.
502 _aTesis (Ing. Agr. Esp. en Fitotecnia) -- UACH. Departamento de Fitotecnia
590 _aALEPH
_b10
_c20130110
_lUCH01
_h1424
590 _aBATCH-UPD
_b10
_c20130109
_lUCH01
_h2353
590 _aBATCH-UPD
_b10
_c20130110
_lUCH01
_h0613
590 _aBATCH-UPD
_b10
_c20130409
_lUCH01
_h1926
590 _aBATCH-UPD
_b10
_c20130410
_lUCH01
_h0256
590 _aBATCH-UPD
_b10
_c20130913
_lUCH01
_h2254
590 _aCONVERSION
_b10
_c20130109
_lUCH01
_h1341
650 1 4 _aAguacate
_xAspectos económicos.
_92493
650 1 4 _aAguacate
_xCostos de producción.
_92503
650 1 4 _aAguacate
_xMichoacán.
_92535
650 1 4 _aAguacate
_xRendimiento.
_92553
650 1 4 _aAguacate
_xVariedades.
_92559
901 _aBK
905 _aGuadalupe Pinto C.
942 _cFOLL
949 _bBC
_cTES
_d33724000586871
_eTS2
_fc.2
_h32102
_i86076
_si
949 _bBC
_cTES
_d860761
_eTS1
_h32101
_i86076
_sb
999 _c75519
_d75519